000 00705nam a2200229 a 4500
001 42549
003 BD-RjUL42667
005 20211209053546.0
008 160613t19691968enka|||| |||| 001 0 eng d
035 _a(BD-RjUL)42667
040 _aBD-RjUL
_beng
_cBD-RjUL
041 _aeng
082 _223
_a338.01
_bMAE 1969
100 1 0 _aMansfield, Edwin.
_9130843
245 1 4 _aThe economics of technological change /
_cEdwin Mansfield
260 _aLondon :
_bLoew & Brydone (Printers) ltd,
_cc1968
300 _ax, 257p. :
_bill. ;
_c25 cm.
504 _aBibliography includes
650 _aTechnological innovations
_zUnited States
_9130916
650 _aResearch, Industrial
_9130917
942 _2ddc
_cBK
999 _c42549
_d42549